O cestovních náhradách. Jednotné stanovisko k vybraným otázkám.

Osoby, ktorým sú poskytované cestovné náhrady. Individuálna dohoda so zamestnávateľom. Strata času. Používanie motorových vozidiel. Denná sadzba stravného. Vreckové ako paušálna náhrada. Vyúčtovanie pracovnej cesty.

Salvato in:
Dettagli Bibliografici
Autore principale: Krystlová, I.
Altri autori: Šamalová, S.
Natura: Capitolo di libro
Lingua:ceco
Soggetti:
Tags: Aggiungi Tag
Nessun Tag, puoi essere il primo ad aggiungerne!!

MARC

LEADER 00000naa a2200000 4500
001 r009485
005 20220831085034.2
041 0 |a cze 
044 |a [CS] 
245 1 0 |a O cestovních náhradách.  |b Jednotné stanovisko k vybraným otázkám.  |c I. Krystlová, S. Šamalová 
520 |a Osoby, ktorým sú poskytované cestovné náhrady. Individuálna dohoda so zamestnávateľom. Strata času. Používanie motorových vozidiel. Denná sadzba stravného. Vreckové ako paušálna náhrada. Vyúčtovanie pracovnej cesty. 
610 2 0 |a náhrada výdavkov 
610 2 0 |a cesty pracovné 
610 2 0 |a predpisy právne 
610 2 0 |a ČSFR 
610 2 0 |a 1992 
100 1 |a Krystlová, I. 
700 1 |a Šamalová, S.